醫療機構不得不知的法律風險 / (Record no. 7626)
[ view plain ]
| 000 -LEADER | |
|---|---|
| fixed length control field | 00642cam a22002412i 4500 |
| 001 - CONTROL NUMBER | |
| control field | CIP113000864 |
| 003 - CONTROL NUMBER IDENTIFIER | |
| control field | YEEZEN |
| 005 - DATE AND TIME OF LATEST TRANSACTION | |
| control field | 20241226145806.0 |
| 008 - FIXED-LENGTH DATA ELEMENTS--GENERAL INFORMATION | |
| fixed length control field | 240115s2024 ch e 000 0 chi d |
| 020 ## - INTERNATIONAL STANDARD BOOK NUMBER | |
| International Standard Book Number | 9786263900356 |
| Qualifying information | (平裝) : |
| Terms of availability | NT$400 |
| 040 ## - CATALOGING SOURCE | |
| Original cataloging agency | CIP |
| Language of cataloging | chi |
| Transcribing agency | CIP |
| 042 ## - AUTHENTICATION CODE | |
| Authentication code | nbic |
| 084 ## - OTHER CLASSIFICATION NUMBER | |
| Classification number | 412.21 |
| Number source | ncsclt |
| 086 ## - GOVERNMENT DOCUMENT CLASSIFICATION NUMBER | |
| Classification number | 412.21 |
| 090 ## - LOCALLY ASSIGNED LC-TYPE CALL NUMBER (OCLC); LOCAL CALL NUMBER (RLIN) | |
| Classification number (OCLC) (R) ; Classification number, CALL (RLIN) (NR) | 412.21 |
| 245 10 - TITLE STATEMENT | |
| Title | 醫療機構不得不知的法律風險 / |
| Statement of responsibility, etc. | 可道律師事務所編著 |
| 250 ## - EDITION STATEMENT | |
| Edition statement | 初版 |
| 260 ## - PUBLICATION, DISTRIBUTION, ETC. | |
| Place of publication, distribution, etc. | 臺北市 : |
| Name of publisher, distributor, etc. | 商周, |
| Date of publication, distribution, etc. | 2024.02 |
| 300 ## - PHYSICAL DESCRIPTION | |
| Extent | 面 ; |
| Dimensions | 公分 |
| 650 #7 - SUBJECT ADDED ENTRY--TOPICAL TERM | |
| Source of heading or term | lcstt |
| Topical term or geographic name entry element | 醫事法規 |
| 650 #7 - SUBJECT ADDED ENTRY--TOPICAL TERM | |
| Source of heading or term | lcstt |
| Topical term or geographic name entry element | 醫療機構 |
| 942 ## - ADDED ENTRY ELEMENTS (KOHA) | |
| Source of classification or shelving scheme | 中文圖書分類法 |
| Koha item type | 一般圖書 |
| 撤銷狀態 | 遺失狀態 | 分類號來源 | 損壞狀態 | 不外借 | 永久館藏地 | 現在館藏地 | 書架位置 | 採購日期 | 全部借出 | 完整索書號 | 條碼號 | 最後一次日期記錄 | Date last checked out | 一般價格有效日期 | Koha館藏類型 | 公開資訊 |
|---|---|---|---|---|---|---|---|---|---|---|---|---|---|---|---|---|
| 未註銷館藏 | 未遺失 | 中文圖書分類法 | 未損毀 | 可外借 | 怡仁綜合醫院圖書館 | 怡仁綜合醫院圖書館 | 2024-12-26 | 1 | 412.21 | C03210 | 2025-02-19 | 2025-02-06 | 2024-12-26 | 一般圖書 | 醫療相關從業人員必看:從過往判決,洞悉風險觸發因子,時刻留意,避免陷入糾紛。 醫療機構經營者必備:掌握醫療法、醫事法、勞基法等相關法律規定,不再誤觸法規,影響營業績效。 身陷醫療糾紛官司者必買:理解法官判決的思考路徑,找到於己有利的蒐證方向。 |